Movies Quiz

Random Movies or Football Quiz

'The Sandlot' Lineup Quiz Stats

 Plays Quiz Updated Sep 13, 2019

Score 0/9 Timer 03:00
1 Play Today
Position Name % Correct
3rd BaseBenjamin Franklin Rodriguez
89.1%
Left FieldScott Smalls
83.9%
CatcherHamilton Porter
70.1%
Right FieldMichael Palledorous
68.7%
ShortstopAlan McClennan
63.2%
Center FieldTommy Timmons
55.9%
1st BaseTimmy Timmons
54.3%
PitcherKenny DeNunez
25.1%
2nd BaseBertram Grover Weeks
21.9%

You're not logged in!

Compare scores with friends on all Sporcle quizzes.
OR
Log In

Sporcle TV

Today on Sporcle TV


Watch our educational content, quiz creation guides, and fun videos on Sporcle TV.

Show Comments

Extras

Top Quizzes Today


Score Distribution

Your Account Isn't Verified!

In order to create a playlist on Sporcle, you need to verify the email address you used during registration. Go to your Sporcle Settings to finish the process.

Report this User

Report this user for behavior that violates our Community Guidelines.

Details: